Zemědělská a lesnická geologie návody na cvičení

Bibliographic Details
Main Author: Novák, Vojtěch, 1936-1978 (Author)
Format: Book
Language:Czech
PhysicalDescription:57 s. ilustr., tab. 4°
Published: Brno Vysoká škola zemědělská 1977
Edition:1. vyd., dotisk 1977
Subjects:

MARC

LEADER 00000cam a2200000 a 4500
001 vtls008961320
003 SK-MaSNL
005 20260302042735.0
008 240313s xr a np 000 0 cze
040 |a SNK  |b slo  |c SNK  |e AACR2 
041 0 |a cze 
044 |a xr  |c CZ 
080 |a 63:551(076.5)(075.8)  |2 1981 
100 1 |a Novák, Vojtěch,  |d 1936-1978  |4 aut  |9 696015 
245 1 0 |a Zemědělská a lesnická geologie  |b návody na cvičení  |c Vojtěch Novák 
250 |a 1. vyd., dotisk 1977 
260 |a Brno  |b Vysoká škola zemědělská  |c 1977  |e Brno  |f VŠZ 
300 |a 57 s.  |b ilustr., tab.  |c 4° 
366 |e 508 výtl. 
504 |a Obsahuje bibliografiu 
650 0 7 |a lesnícka geológia  |2 SNKPH  |9 166481 
650 0 7 |a poľnohospodárska geológia  |2 SNKPH  |9 110671 
655 7 |a učebnice vysokých škôl  |2 SNKPH  |9 70191 
655 7 |a praktické cvičenia  |2 SNKPH  |9 70517 
852 |a Slovenská národná knižnica 
958 |a NB 
999 |c 1083952  |d 1085882 
952 |a SNK  |b SNK  |y VYP  |7 0  |p 17A0546165  |o snkIB 37960 D1  |i snkKIP 11012/77  |3 rekatalogizácia  |0 0  |1 1  |4 0  |d 2007-04-03  |l 0  |r 2026-02-24 16:35:31  |w 2026-02-24